[Event "Ä15Ï"]
[Site "Loo"]
[Date "2017.04.21"]
[Round "2.25"]
[White "Èâàíàåâà, Àëèíà."]
[Black "Âîëêîäàâ, Îëüãà."]
[Result "1-0"]
[WhiteElo "1379"]
[BlackElo "1607"]
[PlyCount "111"]
[EventDate "2017.04.20"]

1. e4 e5 2. Nf3 Nc6 3. Nc3 Nf6 4. Bb5 d6 5. d4 Bd7 6. Bxc6 Bxc6 7. d5 Bd7 8.
O-O Bg4 9. Qd3 Be7 10. Bd2 Nd7 11. b4 O-O 12. h3 Bh5 13. Ne2 Bg6 14. Ng3 Bh4
15. Nxh4 Qxh4 16. f4 f6 17. f5 Be8 18. Be1 Nb6 19. Nh1 Qh5 20. g4 Qf7 21. Bd2
a6 22. c4 Na4 23. Rf2 Nb2 24. Qb3 Na4 25. Raf1 Qe7 26. Rh2 Kf7 27. h4 Rg8 28.
g5 Kf8 29. Rff2 Nb6 30. Rfg2 Bh5 31. Ng3 Be8 32. Nf1 Ba4 33. Qc3 Be8 34. gxf6
Qxf6 35. Bg5 Qf7 36. h5 Nd7 37. h6 g6 38. Rf2 Nf6 39. Ng3 Qe7 40. Bxf6 Qd7 41.
fxg6 Rxg6 42. Bg7+ Ke7 43. Rhg2 Qg4 44. Nf5+ Qxf5 45. exf5 Rxg2+ 46. Rxg2 Bf7
47. f6+ Ke8 48. a4 Bg6 49. Rxg6 Kf7 50. Rg2 Re8 51. c5 dxc5 52. bxc5 e4 53. Re2
Rd8 54. Qc4 e3 55. d6+ Ke8 56. Qe6# 1-0

[Event "Ä15Ï"]
[Site "Loo"]
[Date "2017.04.21"]
[Round "2.26"]
[White "Òëåöåðè, Äæóëüåòòà."]
[Black "Øàïîâàëîâà, Âèêòîðèÿ."]
[Result "1-0"]
[WhiteElo "1575"]
[BlackElo "1400"]
[PlyCount "95"]
[EventDate "2017.04.20"]

1. c4 Nf6 2. Nf3 c6 3. e3 d5 4. cxd5 cxd5 5. Qc2 a6 6. Be2 Bg4 7. d3 e6 8. a3
Nbd7 9. b4 Rc8 10. Qd1 Qc7 11. O-O Bd6 12. h3 Bh5 13. Bb2 O-O 14. Nbd2 b5 15.
Nb3 Qc2 16. Rb1 Ne5 17. Nbd4 Qxd1 18. Rfxd1 Nxf3+ 19. Bxf3 Bxf3 20. Nxf3 Rc2
21. Rdc1 Rfc8 22. Kf1 Kf8 23. Nd4 R2c7 24. Rxc7 Rxc7 25. Rc1 Rxc1+ 26. Bxc1 Ke8
27. Bb2 Kd7 28. Ke2 Kc7 29. Nf3 Be7 30. Ne5 Kb6 31. Bd4+ Kb7 32. Nxf7 a5 33.
Bc5 Bxc5 34. bxc5 Kc6 35. Nd8+ Kd7 36. Nf7 Kc6 37. d4 Nd7 38. Ng5 b4 39. axb4
axb4 40. Nxe6 g6 41. Nf4 Nf6 42. f3 Kb5 43. Kd2 Ka5 44. Kc2 Ka6 45. Kb3 Kb5 46.
Nd3 Ka5 47. Nxb4 Kb5 48. Nd3 1-0

[Event "Ä15Ï"]
[Site "Loo"]
[Date "2017.04.21"]
[Round "2.27"]
[White "Ñêîðîáîãàòîâà, Àíàñòàñèÿ."]
[Black "Øàäðóõèíà, Ñâåòëàíà."]
[Result "1-0"]
[WhiteElo "1547"]
[BlackElo "1368"]
[PlyCount "89"]
[EventDate "2017.04.20"]

1. d4 Nf6 2. c4 g6 3. Nc3 Bg7 4. e4 O-O 5. f3 d6 6. Be3 Nbd7 7. Bd3 c5 8. d5 b6
9. Qd2 Ne5 10. Nge2 Ba6 11. b3 Qc7 12. O-O Rab8 13. a4 Rfe8 14. Bc2 Bb7 15. h3
Ra8 16. Bh6 Rf8 17. Bxg7 Kxg7 18. f4 Ned7 19. Rae1 Nb8 20. Nb5 Qd7 21. e5 Ne8
22. Ng3 Nc7 23. exd6 exd6 24. f5 Ne8 25. Qg5 Nf6 26. fxg6 fxg6 27. Re7+ Qxe7
28. Nf5+ Kf7 29. Nbxd6+ Qxd6 30. Nxd6+ Kg7 31. Rxf6 Rxf6 32. Ne8+ Kf8 33. Qxf6+
Kxe8 34. Qh8+ Ke7 35. Qg7+ Kd6 36. Qxb7 Nd7 37. Qxa8 a5 38. Qc6+ Ke7 39. d6+
Kd8 40. Qa8+ Nb8 41. Qxb8+ Kd7 42. Qc7+ Ke6 43. d7 h6 44. d8=Q b5 45. Qce7# 1-0

[Event "Ä15Ï"]
[Site "Loo"]
[Date "2017.04.21"]
[Round "2.28"]
[White "Áåëîâà, Êñåíèÿ."]
[Black "Áåëîâà, Êñåíèÿ."]
[Result "0-1"]
[WhiteElo "1352"]
[BlackElo "1497"]
[PlyCount "80"]
[EventDate "2017.04.20"]

1. e4 e5 2. Nf3 Nc6 3. Bb5 Bc5 4. O-O Qf6 5. c3 Nge7 6. d3 O-O 7. Bg5 Qg6 8. d4
exd4 9. cxd4 Nxd4 10. Bxe7 Nxf3+ 11. Qxf3 Bxe7 12. Nc3 c6 13. Bd3 d6 14. h3 f5
15. exf5 Bxf5 16. Bxf5 Rxf5 17. Qe4 Qf6 18. Qc4+ d5 19. Qb3 Rf8 20. Nd1 Bd6 21.
Qe3 b6 22. Qe2 Re5 23. Qd2 Rfe8 24. Ne3 Qf4 25. Rad1 Rg5 26. g3 Bc5 27. Kh2 Qd6
28. Ng2 Rge5 29. Nf4 h5 30. a3 h4 31. Ng2 hxg3+ 32. fxg3 Re2 33. Qc1 Bf2 34.
Qg5 Rxb2 35. Rd3 Ree2 36. Rf3 Bxg3+ 37. Qxg3 Rxg2+ 38. Kh1 Rxg3 39. Rxg3 Qxg3
40. Rg1 Rh2# 0-1

[Event "Ä15Ï"]
[Site "Loo"]
[Date "2017.04.21"]
[Round "2.29"]
[White "Øóìàêîâà, Ñâåòëàíà."]
[Black "Ìàëüöåâñêàÿ, Àííà."]
[Result "1-0"]
[WhiteElo "1494"]
[BlackElo "1358"]
[PlyCount "99"]
[EventDate "2017.04.20"]

1. d4 d5 2. Nf3 e6 3. e3 Nf6 4. b3 Bd7 5. Bb2 Nc6 6. Nbd2 Bd6 7. a3 a6 8. Bd3
Qe7 9. Ne5 Rb8 10. c4 b6 11. Qc2 Bxe5 12. dxe5 Ng4 13. Nf3 Na7 14. Bxh7 dxc4
15. bxc4 Qc5 16. Bd4 Qa5+ 17. Bc3 Qc5 18. Bb4 Qc6 19. Be4 Qa4 20. Qxa4 Bxa4 21.
h3 a5 22. Bc3 b5 23. O-O Nh6 24. Rfb1 c6 25. Nd4 O-O 26. cxb5 cxb5 27. Bxa5
Rfc8 28. Bb4 Rc4 29. Bd3 Rcc8 30. Rc1 Rxc1+ 31. Rxc1 g6 32. Nc6 Nxc6 33. Rxc6
Rd8 34. Rc3 Rd5 35. Bd6 Kg7 36. e4 Rd4 37. f3 f5 38. g3 Kf7 39. Kf2 Ng8 40. Ke3
Ne7 41. Kxd4 fxe4 42. fxe4 Ng8 43. Rc7+ Ke8 44. Rc8+ Kd7 45. Rxg8 b4 46. axb4
Bc6 47. Ba6 Bb7 48. Bxb7 g5 49. b5 g4 50. Bc6# 1-0

[Event "Ä15Ï"]
[Site "Loo"]
[Date "2017.04.21"]
[Round "2.30"]
[White "Êðàñíþê, Âåðîíèêà."]
[Black "Ñàìîøêèíà, Âèêòîðèÿ."]
[Result "1/2-1/2"]
[WhiteElo "1337"]
[BlackElo "1482"]
[PlyCount "140"]
[EventDate "2017.04.20"]

1. e4 c5 2. Nf3 Nc6 3. b3 d6 4. Bb2 Nf6 5. d3 g6 6. Nbd2 Bg7 7. Be2 Bd7 8. O-O
O-O 9. Re1 Qc7 10. Bf1 Qb8 11. Rb1 e5 12. c3 d5 13. exd5 Nxd5 14. Ne4 b6 15. d4
cxd4 16. cxd4 Bg4 17. dxe5 Rd8 18. Nd6 Nde7 19. h3 Bf5 20. Bd3 a5 21. Nxf5 Nxf5
22. Qe2 Nfd4 23. Nxd4 Nxd4 24. Bxd4 Rxd4 25. e6 fxe6 26. Qxe6+ Kh8 27. Bf1 Rd2
28. Re2 Rd6 29. Qf7 Rf6 30. Qe7 Qf8 31. Qxf8+ Raxf8 32. Rbe1 h6 33. f3 Kh7 34.
Re6 Rf5 35. Bd3 R5f6 36. Rxf6 Bxf6 37. Kf1 Rd8 38. Rd1 Re8 39. Re1 Rd8 40. Rd1
Re8 41. Be4 Rd8 42. Rxd8 Bxd8 43. g4 Kg7 44. Ke2 g5 45. Ke3 Be7 46. Bd5 Kf6 47.
Ke4 Bc5 48. Bc4 Bd6 49. Kd5 Bc5 50. Bd3 Ba3 51. Bc4 Bc5 52. Bd3 Ba3 53. Be4 Bc5
54. Kc6 Ke7 55. Bf5 Be3 56. Kd5 Kf6 57. Ke4 Bc5 58. f4 Bd6 59. fxg5+ hxg5 60.
Bc8 Bh2 61. Kd5 Bg1 62. a3 Bc5 63. a4 Bf2 64. Kc6 Bc5 65. Kb5 Ke5 66. Bd7 Kf4
67. Bf5 Kg3 68. Kc4 Kxh3 69. Kb5 Kh4 70. Kc4 Kh3 1/2-1/2

[Event "Ä15Ï"]
[Site "Loo"]
[Date "2017.04.21"]
[Round "2.31"]
[White "Åìåëüÿíåíêî, Ìàðèíà."]
[Black "Àñàòðÿí, Ìàðèÿ."]
[Result "1-0"]
[WhiteElo "1480"]
[BlackElo "1349"]
[PlyCount "103"]
[EventDate "2017.04.20"]

1. d4 Nf6 2. Nf3 c5 3. c3 d6 4. Nbd2 g6 5. e4 Bg7 6. Be2 O-O 7. O-O a6 8. a4
Nbd7 9. Qc2 Rb8 10. a5 Qc7 11. Bd3 cxd4 12. cxd4 Qxc2 13. Bxc2 b5 14. axb6 Nxb6
15. Bd3 Bb7 16. Re1 Nfd7 17. b4 Na8 18. Nb3 Nc7 19. Na5 Ba8 20. Bd2 Nb5 21. Nb3
Bb7 22. Ra5 Bc8 23. Bc4 Na7 24. Rc1 Nc6 25. Bxf7+ Rxf7 26. Rxc6 Bb7 27. Rc7 Nf6
28. Ng5 Ne8 29. Rxb7 Rxb7 30. Nxf7 Kxf7 31. Rxa6 Nc7 32. Rc6 Nb5 33. d5 Ra7 34.
Na5 Nd4 35. Rc4 Ra8 36. Kf1 Rb8 37. Nc6 Nb3 38. Ke2 Nxd2 39. Kxd2 Rb7 40. Nd8+
Ke8 41. Nxb7 Kd7 42. b5 Bb2 43. b6 e6 44. dxe6+ Kxe6 45. Nd8+ Kd7 46. b7 Kxd8
47. b8=Q+ Ke7 48. Qg8 Kd7 49. Qf7+ Kd8 50. Rc7 Bc3+ 51. Kxc3 d5 52. Qd7# 1-0

[Event "Ä15Ï"]
[Site "Loo"]
[Date "2017.04.21"]
[Round "2.32"]
[White "Ìåðåìüÿíèíà, Êñåíèÿ."]
[Black "Àáðàìîâà, Ìàðèÿ."]
[Result "1/2-1/2"]
[WhiteElo "1322"]
[BlackElo "1479"]
[PlyCount "131"]
[EventDate "2017.04.20"]

1. e4 c5 2. Nc3 d6 3. g3 Nf6 4. Bg2 a6 5. d3 e6 6. Nge2 Qc7 7. O-O Nc6 8. f4
Be7 9. Kh1 O-O 10. Ng1 b5 11. Nf3 Bb7 12. f5 exf5 13. exf5 Rfe8 14. b3 Rad8 15.
Bb2 d5 16. d4 cxd4 17. Nxd4 Nxd4 18. Qxd4 Bc5 19. Qd2 Be3 20. Qd1 d4 21. Ne2
Bxg2+ 22. Kxg2 Qb7+ 23. Rf3 Ng4 24. Nc1 Ne5 25. Nd3 Nxf3 26. Qxf3 Qxf3+ 27.
Kxf3 Rc8 28. Re1 Red8 29. Re2 Rc7 30. Ba3 Rdc8 31. Ne1 a5 32. Ke4 b4 33. Bb2
Re7+ 34. Kd3 Rd8 35. Ng2 Kf8 36. a3 Bg1 37. Rxe7 Kxe7 38. h3 Kf6 39. g4 Ke5 40.
a4 Rc8 41. Ba1 g6 42. fxg6 hxg6 43. Bb2 f5 44. gxf5 gxf5 45. Nh4 Kf4 46. Bc1+
Kg3 47. Nxf5+ Kxh3 48. Bd2 Kg4 49. Nd6 Rc7 50. Nc4 Ra7 51. Ne5+ Kf5 52. Nc4 Ra6
53. Be1 Kf4 54. Bh4 Rh6 55. Bd8 Rh3+ 56. Kd2 Be3+ 57. Ke2 Ke4 58. Nd6+ Kd5 59.
Nc4 Ke4 60. Bc7 Rh7 61. Bd6 Rh6 62. Bc7 Rh7 63. Bxa5 Rh2+ 64. Kd1 d3 65. Nxe3
Kxe3 66. cxd3 1/2-1/2

[Event "Ä15Ï"]
[Site "Loo"]
[Date "2017.04.21"]
[Round "2.33"]
[White "Õàðèòîíîâà, Èðèíà."]
[Black "Íèêîíîðîâà, Ìåëàíèÿ."]
[Result "1-0"]
[WhiteElo "1476"]
[BlackElo "1321"]
[PlyCount "103"]
[EventDate "2017.04.20"]

1. e4 c5 2. Nf3 d6 3. d4 cxd4 4. Nxd4 Nf6 5. Nc3 e5 6. Nb3 Be6 7. Be2 a6 8. a4
Be7 9. O-O Nbd7 10. f4 exf4 11. Bxf4 Ne5 12. Qd4 Qc7 13. Rad1 Rd8 14. h3 O-O
15. Rd2 Nc6 16. Qe3 Rfe8 17. Rfd1 Rd7 18. Kh1 Red8 19. Nc5 Ne5 20. Nxd7 Nfxd7
21. Nd5 Bxd5 22. exd5 h6 23. Qg3 Bf6 24. Bxh6 Kf8 25. Bg5 Bxg5 26. Qxg5 Nc5 27.
Rd4 Qe7 28. Qxe7+ Kxe7 29. a5 Rc8 30. b4 Ncd7 31. c4 f6 32. Rc1 Rc7 33. Bd3 Kf7
34. Bf5 Nf8 35. Rc2 g6 36. Bd3 Nfd7 37. Bf1 Nf8 38. Rcd2 Nfd7 39. Rd1 Nf8 40.
Rc1 Nfd7 41. c5 dxc5 42. bxc5 Kg7 43. d6 Rc8 44. g4 Kh6 45. Rc3 Nc6 46. Rd1
Nce5 47. Bg2 Nc6 48. Bxc6 Rxc6 49. Rb1 Rxc5 50. Rxc5 Nxc5 51. Rc1 Ne6 52. Re1
1-0

[Event "Ä15Ï"]
[Site "Loo"]
[Date "2017.04.21"]
[Round "2.34"]
[White "Êðûëîâà, Ìàðèÿ."]
[Black "Ñàðãóçèíà, Ìàðòà."]
[Result "1/2-1/2"]
[WhiteElo "1308"]
[BlackElo "1462"]
[PlyCount "66"]
[EventDate "2017.04.20"]

1. e4 e6 2. d4 d5 3. Nc3 Nf6 4. Bg5 Be7 5. e5 Nfd7 6. Bxe7 Qxe7 7. Bd3 c5 8.
Nb5 Kd8 9. dxc5 Nxc5 10. Qd2 Nc6 11. Nf3 Nxd3+ 12. cxd3 a6 13. Nbd4 Bd7 14. Rc1
Rc8 15. O-O f6 16. Rfe1 Rf8 17. Re2 Ke8 18. Rce1 f5 19. Rc1 h6 20. Nxc6 Bxc6
21. Qa5 Kf7 22. Nd4 Bd7 23. Rec2 Qd8 24. Qb4 Qg5 25. Nb3 Bc6 26. Qb6 Qd8 27.
Qd4 Qg5 28. Na5 Bd7 29. Nb3 Bc6 30. Na5 Bd7 31. Nb3 Bc6 32. Na5 Bd7 33. Nb3 Bc6
1/2-1/2

[Event "Ä15Ï"]
[Site "Loo"]
[Date "2017.04.21"]
[Round "2.35"]
[White "Êîíîíîâà, Àíàñòàñèÿ."]
[Black "Óëàíîâñêàÿ, Âàëåðèÿ."]
[Result "1/2-1/2"]
[WhiteElo "1446"]
[BlackElo "1250"]
[PlyCount "89"]
[EventDate "2017.04.20"]

1. c4 g6 2. g3 Bg7 3. Bg2 d6 4. Nc3 e5 5. e3 Ne7 6. Nge2 c6 7. d4 exd4 8. exd4
O-O 9. O-O Bf5 10. b3 Nd7 11. Bb2 Rb8 12. Qd2 c5 13. Nb5 Qb6 14. dxc5 dxc5 15.
Bxg7 Kxg7 16. Qd6 Nc6 17. Nec3 Qa5 18. Qc7 Qxc7 19. Nxc7 Rbc8 20. N7b5 Ra8 21.
Rfd1 Nde5 22. Nd6 Bc8 23. Na4 Bg4 24. Rd2 b6 25. h3 Nf3+ 26. Bxf3 Bxf3 27. Rd3
Nd4 28. Nc3 Rad8 29. Ncb5 Nxb5 30. cxb5 Be2 31. Re3 Rxd6 32. Rxe2 Rfd8 33. Re7
R6d7 34. Rae1 Kf6 35. R7e4 Rd4 36. Re7 R4d7 37. Rxd7 Rxd7 38. Re4 Rd4 39. Rxd4
cxd4 40. Kf1 d3 41. f3 Ke5 42. Ke1 f5 43. Kd2 Kd4 44. a3 h6 45. a4 1/2-1/2

[Event "Ä15Ï"]
[Site "Loo"]
[Date "2017.04.21"]
[Round "2.36"]
[White "Èâàíîâà, Àíàñòàñèÿ."]
[Black "Ãàðáóçîâñêàÿ, Åëèçàâåòà."]
[Result "0-1"]
[WhiteElo "1257"]
[BlackElo "1445"]
[PlyCount "66"]
[EventDate "2017.04.20"]

1. d4 d5 2. Bf4 e6 3. Nf3 Nf6 4. e3 Be7 5. Bd3 Nbd7 6. Nbd2 c5 7. c3 c4 8. Bc2
O-O 9. O-O b6 10. Ne5 Bb7 11. Qf3 Qc8 12. Qh3 g6 13. Bg5 Re8 14. Qh4 Qd8 15.
Nxd7 Nxd7 16. Bxe7 Rxe7 17. Nf3 Qf8 18. Rfe1 f5 19. Qg3 Qg7 20. Nd2 e5 21. dxe5
Nxe5 22. Nf3 Nxf3+ 23. gxf3 a6 24. Qf4 b5 25. Rad1 Rf8 26. Qd4 Qh6 27. Rd2 g5
28. e4 fxe4 29. fxe4 Rf4 30. Rde2 Rg4+ 31. Kh1 Qh3 32. Rg1 Qf3+ 33. Rg2 Qxg2#
0-1

[Event "Ä17Â"]
[Site "Loo"]
[Date "2017.04.21"]
[Round "2.1"]
[White "Àêñåíîâà, Ìàðèÿ."]
[Black "Ãîëüöåâà, Åêàòåðèíà."]
[Result "0-1"]
[WhiteElo "1923"]
[BlackElo "2211"]
[PlyCount "86"]
[EventDate "2017.04.20"]

1. d4 d5 2. Nf3 Nf6 3. Bg5 Ne4 4. Bf4 c5 5. e3 Nc6 6. c3 e6 7. Nbd2 f5 8. Be2
Be7 9. O-O O-O 10. Ne5 Bd6 11. f3 Nf6 12. Nxc6 bxc6 13. Be5 cxd4 14. exd4 Bxe5
15. dxe5 Nd7 16. f4 Qb6+ 17. Kh1 Qxb2 18. Nb3 c5 19. Bf3 Rb8 20. Qe1 Ba6 21.
Rf2 Qa3 22. g4 Bd3 23. gxf5 Bxf5 24. Qg1 a5 25. Rc1 a4 26. Nd2 Rb2 27. Rd1 Qxc3
28. Bg4 Qc2 29. Rg2 g6 30. h3 Bxg4 31. Rxg4 Rb4 32. Qf1 Rd4 33. Rg2 Rfxf4 34.
Qe1 Qf5 35. Qg3 Rd3 36. Qg5 Qxg5 37. Rxg5 c4 38. Rf1 Rxf1+ 39. Nxf1 Rd1 40. Kg2
c3 41. Ne3 Rd2+ 42. Kf3 d4 43. Nc4 c2 0-1

[Event "Ä17Â"]
[Site "Loo"]
[Date "2017.04.21"]
[Round "2.2"]
[White "Ýðäûíèåâà, Îþíà."]
[Black "Ãðèãîðüåâà, Þëèÿ."]
[Result "1/2-1/2"]
[WhiteElo "2183"]
[BlackElo "1922"]
[PlyCount "128"]
[EventDate "2017.04.20"]

1. d4 Nf6 2. c4 e6 3. Nc3 d5 4. cxd5 exd5 5. Bg5 Be7 6. e3 c6 7. Bd3 O-O 8. Qc2
Nbd7 9. Nf3 Re8 10. O-O h6 11. Bf4 Nf8 12. h3 Bd6 13. Bxd6 Qxd6 14. Ne5 N6d7
15. f4 f6 16. Nxd7 Bxd7 17. Rf3 Re7 18. Qb3 Be6 19. f5 Bf7 20. Ne2 Rae8 21. Bc2
Nh7 22. Nf4 Ng5 23. Rg3 b6 24. Rc1 c5 25. Qa3 Kh7 26. h4 Ne4 27. Bxe4 Rxe4 28.
dxc5 bxc5 29. Qxc5 Qxc5 30. Rxc5 d4 31. Rc7 dxe3 32. Rxf7 Rxf4 33. Rgxg7+ Kh8
34. Rh7+ Kg8 35. Rfg7+ Kf8 36. Rh8+ Kxg7 37. Rxe8 Rxf5 38. Rxe3 Kg6 39. Re4 a5
40. a3 Rc5 41. Kf2 f5 42. Ra4 Rb5 43. b4 axb4 44. Rxb4 Rc5 45. a4 Rc3 46. g3
Ra3 47. Kg2 Kh5 48. Kh3 Ra2 49. Rf4 Kg6 50. Rc4 Ra3 51. Rc6+ Kh5 52. Rc4 Ra2
53. Rf4 Kg6 54. Rd4 Kh5 55. Rd5 Rxa4 56. Rxf5+ Kg6 57. g4 Ra3+ 58. Kg2 Rb3 59.
Rf3 Rb4 60. Kg3 Ra4 61. Rd3 Rb4 62. Rd6+ Kg7 63. Re6 Ra4 64. Kf3 h5 1/2-1/2

[Event "Ä17Â"]
[Site "Loo"]
[Date "2017.04.21"]
[Round "2.3"]
[White "Êîçèíà, Àíàñòàñèÿ."]
[Black "Ñåðäèòûõ, Îëåñÿ."]
[Result "1/2-1/2"]
[WhiteElo "2117"]
[BlackElo "1915"]
[PlyCount "67"]
[EventDate "2017.04.20"]

1. e4 d5 2. exd5 Qxd5 3. Nf3 Bg4 4. Be2 Nc6 5. d4 O-O-O 6. c4 Qa5+ 7. Bd2 Qf5
8. Be3 Nf6 9. O-O e6 10. Nc3 a6 11. a3 Bd6 12. b4 e5 13. d5 e4 14. Nh4 Qh5 15.
Bxg4+ Nxg4 16. h3 Qxh4 17. Qxg4+ Qxg4 18. hxg4 Ne5 19. c5 Be7 20. d6 cxd6 21.
cxd6 Bxd6 22. Nxe4 Bc7 23. Rac1 Kb8 24. Ba7+ Kxa7 25. Rxc7 Rc8 26. Re7 Rce8 27.
Rxe8 Rxe8 28. f3 f6 29. Rd1 Nc6 30. Kf2 Kb6 31. Nc5 Rd8 32. Rxd8 Nxd8 33. Ke3
Kc6 34. Ke4 {äàëåå çàïèñü íåðàçáîð~~èâà} 1/2-1/2

[Event "Ä17Â"]
[Site "Loo"]
[Date "2017.04.21"]
[Round "2.4"]
[White "Ñêîìîðîõèíà, Åêàòåðèíà."]
[Black "Çîòîâà, Àíàñòàñèÿ."]
[Result "0-1"]
[WhiteElo "1917"]
[BlackElo "2067"]
[PlyCount "114"]
[EventDate "2017.04.20"]

1. d4 Nf6 2. Nf3 g6 3. Bg5 Bg7 4. e3 O-O 5. Nbd2 c5 6. c3 d6 7. Bd3 Nbd7 8. O-O
b6 9. Re1 Bb7 10. Qe2 Qc7 11. h3 e5 12. dxe5 Nxe5 13. Nxe5 dxe5 14. Bxf6 Bxf6
15. Be4 Rad8 16. Bxb7 Qxb7 17. e4 Rd7 18. Nc4 Rfd8 19. Qf3 Bg7 20. Ne3 Rd3 21.
Qg4 Rd2 22. Rab1 R2d7 23. Nd5 f5 24. Qe2 fxe4 25. c4 Qa6 26. b3 Rf8 27. Rb2 e3
28. fxe3 e4 29. Rc2 Rdf7 30. Qg4 Qa5 31. Rd1 Re8 32. h4 b5 33. h5 gxh5 34. Qxh5
bxc4 35. bxc4 Qa4 36. Qe2 Ref8 37. Nf4 Bh6 38. g3 Rg7 39. Kh2 Bxf4 40. exf4 Qc6
41. Qh5 Kh8 42. Qe5 Re8 43. Qd6 Qc8 44. Rg2 Qg4 45. Rd5 Rg6 46. Qd7 Rge6 47.
Qxa7 Rh6+ 48. Kg1 Qh3 49. Rg5 Qh1+ 50. Kf2 e3+ 51. Kf3 Qd1+ 52. Re2 Qf1+ 53.
Rf2 Qxf2+ 54. Kg4 Qe2+ 55. Kf5 Rf8+ 56. Ke5 Qb2+ 57. Kd5 Qd4# 0-1

[Event "Ä17Â"]
[Site "Loo"]
[Date "2017.04.21"]
[Round "2.5"]
[White "Íîñà÷åâà, Ìàðèÿ."]
[Black "Áóäíèêîâà, Âàðâàðà."]
[Result "1-0"]
[WhiteElo "2063"]
[BlackElo "1900"]
[PlyCount "57"]
[EventDate "2017.04.20"]

1. e4 e6 2. d4 d5 3. Nc3 Bb4 4. e5 c5 5. a3 Bxc3+ 6. bxc3 Ne7 7. Qg4 Qc7 8.
Qxg7 Rg8 9. Qxh7 cxd4 10. Ne2 Nbc6 11. f4 Bd7 12. Qd3 dxc3 13. Nxc3 a6 14. Rb1
Rc8 15. h4 Nf5 16. Rh3 Ncd4 17. Bd2 Nb5 18. Ne2 Qc5 19. h5 Nfd4 20. Nxd4 Nxd4
21. c3 Nb5 22. h6 Nxa3 23. h7 Rh8 24. Rxb7 Bb5 25. Qg3 Bc6 26. Qg7 Qf8 27. Rxf7
Qxg7 28. Rxg7 Kf8 29. Rhg3 1-0

[Event "Ä17Â"]
[Site "Loo"]
[Date "2017.04.21"]
[Round "2.6"]
[White "Êîðîë¸âà, Åâãåíèÿ."]
[Black "Ãîëîâêèíà, Àíàñòàñèÿ."]
[Result "0-1"]
[WhiteElo "1909"]
[BlackElo "2061"]
[PlyCount "130"]
[EventDate "2017.04.20"]

1. d4 d5 2. c4 e6 3. Nc3 Nf6 4. cxd5 exd5 5. Bg5 Be7 6. e3 c6 7. Bd3 Nbd7 8.
Nf3 Ne4 9. Bxe4 Bxg5 10. Bd3 Bf6 11. O-O O-O 12. Qc2 h6 13. b4 Nb6 14. Nd2 Qe7
15. Rfb1 Be6 16. a4 a6 17. Ne2 Rfc8 18. a5 Nd7 19. Nb3 Re8 20. Nc5 Nf8 21. Re1
Rad8 22. Ng3 Bc8 23. Re2 Ne6 24. Nf1 g6 25. Rae1 Qc7 26. Qa2 Ng7 27. Rc1 Bf5
28. Rb2 Qe7 29. Be2 Bc8 30. Ng3 Bg5 31. Qb3 Ne6 32. Nf1 Nxd4 33. exd4 Bxc1 34.
Rc2 Bf4 35. g3 Bg5 36. h4 Bf6 37. Qc3 Bf5 38. Rd2 Qc7 39. Ne3 Bc8 40. Bd1 Be7
41. h5 Bg5 42. f4 Bf6 43. Bc2 Kh7 44. Qd3 Rg8 45. hxg6+ fxg6 46. Rh2 Qg7 47.
Nb3 Rde8 48. g4 Qe7 49. Kf2 Qe4 50. Qxe4 dxe4 51. g5 Bg7 52. Nc5 Rgf8 53. Rh4
Rd8 54. Nxe4 Rxd4 55. Nf6+ Rxf6 56. gxf6 Bxf6 57. Rh1 Rxf4+ 58. Ke2 Rxb4 59.
Rg1 Bg5 60. Rf1 Kg7 61. Rg1 Rb2 62. Rc1 Bf5 63. Nxf5+ gxf5 64. Kd3 Bxc1 65. Ba4
h5 0-1

[Event "Ä17Â"]
[Site "Loo"]
[Date "2017.04.21"]
[Round "2.7"]
[White "ßíó÷åíêî, Ïîëèíà."]
[Black "Ôîêèíà, Ýëèíà."]
[Result "1-0"]
[WhiteElo "2060"]
[BlackElo "1878"]
[PlyCount "47"]
[EventDate "2017.04.20"]

1. d4 Nf6 2. c4 e6 3. Nc3 Bb4 4. Qc2 b6 5. e4 Bxc3+ 6. bxc3 d5 7. cxd5 exd5 8.
e5 Ne4 9. Bb5+ Bd7 10. Bd3 c5 11. Bxe4 dxe4 12. Qxe4 O-O 13. Nf3 Bc6 14. Qg4 f5
15. Qg3 Bb5 16. Bh6 Rf7 17. Ng5 Re7 18. Ne6 Qd5 19. Nxg7 Qe4+ 20. Kd2 Qe2+ 21.
Kc1 Bd3 22. Nxf5+ Kf7 23. Nd6+ Ke6 24. Qg8+ 1-0

[Event "Ä17Â"]
[Site "Loo"]
[Date "2017.04.21"]
[Round "2.8"]
[White "Òðîÿíîê, Òàòüÿíà."]
[Black "Êî÷óêîâà, Àííà."]
[Result "1/2-1/2"]
[WhiteElo "1902"]
[BlackElo "2035"]
[PlyCount "138"]
[EventDate "2017.04.20"]

1. c4 Nf6 2. g3 e5 3. Bg2 d5 4. cxd5 Nxd5 5. Nf3 Nc6 6. d3 Be7 7. O-O O-O 8.
Nc3 Nb6 9. a3 Be6 10. b4 f6 11. Bb2 a6 12. Rc1 Qd7 13. Ne4 Nd5 14. d4 f5 15.
Nc5 Bxc5 16. dxc5 e4 17. Ne5 Nxe5 18. Bxe5 a5 19. Qd2 axb4 20. axb4 Ra4 21. Rb1
c6 22. Rfd1 Qf7 23. Bd6 Rfa8 24. Qd4 Nc7 25. Bxc7 Qxc7 26. f3 exf3 27. Bxf3 Ra2
28. b5 R2a4 29. Qd6 Qxd6 30. Rxd6 Ba2 31. Rb2 Bd5 32. Bxd5+ cxd5 33. Rxd5 g6
34. Rbd2 Ra1+ 35. Kg2 Rc1 36. Rd8+ Rxd8 37. Rxd8+ Kf7 38. Rd7+ Ke6 39. Rxh7
Rxc5 40. b6 Rb5 41. Rxb7 Kf6 42. h4 Rb3 43. Rb8 Kg7 44. Kf2 Rb4 45. e3 Rb2+ 46.
Kf3 Rb4 47. Rb7+ Kf6 48. Rb8 Kg7 49. Ke2 Rb3 50. Kd2 Kh7 51. Kc2 Rb5 52. Kc3
Rb1 53. Kd4 Rb3 54. Kd5 Rxe3 55. Rc8 Rb3 56. Rc7+ Kh6 57. b7 g5 58. Ke6 gxh4
59. gxh4 f4 60. Rf7 Rb6+ 61. Ke5 Kg6 62. Rf6+ Rxf6 63. b8=Q Rf7 64. Qg8+ Rg7
65. Qe6+ Kh5 66. Qf5+ Kh6 67. Qxf4+ Kh7 68. Qf5+ Kh6 69. Kf4 Rf7 1/2-1/2

[Event "Ä17Â"]
[Site "Loo"]
[Date "2017.04.21"]
[Round "2.9"]
[White "Âîðîáüåâà, Âàëåðèÿ."]
[Black "Øàôèãóëëèíà, Çàðèíà."]
[Result "1-0"]
[WhiteElo "1898"]
[BlackElo "1997"]
[PlyCount "55"]
[EventDate "2017.04.20"]

1. d4 Nf6 2. c4 e6 3. Nf3 b6 4. g3 Ba6 5. Qc2 Bb7 6. Bg2 c5 7. d5 exd5 8. cxd5
Bxd5 9. Nc3 Bc6 10. e4 Be7 11. Bf4 b5 12. Ne5 Qb6 13. Nxc6 dxc6 14. e5 Nfd7 15.
O-O Nf8 16. a4 b4 17. a5 Qb7 18. Ne4 Ne6 19. Be3 Nd7 20. f4 Qb5 21. f5 Nc7 22.
f6 gxf6 23. exf6 Bf8 24. Ng5 Bd6 25. Qe4+ Ne5 26. Bf4 Qc4 27. Qxc4 Nxc4 28.
Bxc6+ {äàëåå çàïèñü íåðàçáîð~~èâà} 1-0

[Event "Ä17Â"]
[Site "Loo"]
[Date "2017.04.21"]
[Round "2.10"]
[White "Ôèëèïïîâà, Äàðüÿ."]
[Black "Ãûðãåíîâà, Åêàòåðèíà."]
[Result "1-0"]
[WhiteElo "1996"]
[BlackElo "1849"]
[PlyCount "129"]
[EventDate "2017.04.20"]

1. c4 c6 2. d4 d5 3. Nc3 Nf6 4. cxd5 cxd5 5. Nf3 Nc6 6. Bf4 Bf5 7. e3 a6 8. Rc1
e6 9. Qb3 Qd7 10. Ne5 Nxe5 11. Bxe5 Be7 12. Be2 O-O 13. O-O Rac8 14. Na4 Rc6
15. Nc5 Bxc5 16. dxc5 Ne4 17. Qa3 f6 18. Bg3 Rfc8 19. b4 Qf7 20. f3 Nxg3 21.
hxg3 e5 22. Rfd1 Be6 23. Rd2 Qe7 24. Bd1 Rd8 25. Qb2 Rc7 26. Bb3 Rcd7 27. Rcd1
Qf7 28. Kf2 Kf8 29. g4 h5 30. g5 Qg6 31. e4 Qxg5 32. exd5 h4 33. d6 Qg3+ 34.
Kg1 Bxb3 35. Qxb3 Qf4 36. a4 g5 37. b5 axb5 38. axb5 e4 39. Rd4 Qe5 40. Qd5
exf3 41. Qxe5 fxe5 42. Rd5 Rc8 43. gxf3 Kf7 44. Rxe5 Kf6 45. Rdd5 Ra8 46. Rf5+
Kg6 47. Rxg5+ Kf6 48. Kh2 Ra2+ 49. Rg2 Ra5 50. Rb2 Ke6 51. Rh5 Rf7 52. Rh6+ Kd7
53. Rxh4 Ra3 54. Rf2 Rb3 55. b6 Rc3 56. Rh5 Kc6 57. Kg3 Rxc5 58. Rxc5+ Kxc5 59.
Rd2 Rd7 60. Kg4 Kxb6 61. Kf5 Kc6 62. Ke6 Rd8 63. d7 b6 64. Ke7 Kc7 65. Rc2+ 1-0

[Event "Ä17Â"]
[Site "Loo"]
[Date "2017.04.21"]
[Round "2.12"]
[White "Õàí, Àíàñòàñèÿ."]
[Black "Ïåòðî÷åíêî, Ìàðèÿ."]
[Result "1/2-1/2"]
[WhiteElo "1868"]
[BlackElo "2141"]
[PlyCount "87"]
[EventDate "2017.04.20"]

1. Nf3 d5 2. d4 Nf6 3. c4 c6 4. e3 e6 5. Bd3 Nbd7 6. Nc3 dxc4 7. Bxc4 b5 8. Bd3
Bd6 9. O-O O-O 10. e4 e5 11. Re1 a6 12. Bg5 h6 13. Bh4 exd4 14. Nxd4 Ne5 15.
Bc2 b4 16. Na4 c5 17. Nf5 Bxf5 18. exf5 Rc8 19. Rc1 Re8 20. Kh1 Bf8 21. f4 Qxd1
22. Rcxd1 Nc4 23. Bd3 Ne3 24. Rc1 c4 25. Be2 Nfd5 26. Bxc4 Nxc4 27. Rxe8 Rxe8
28. Rxc4 Ne3 29. Rc1 Nxf5 30. Bf2 Re4 31. g3 Re6 32. Rc8 Nd6 33. Ra8 Ne4 34.
Bc5 Nxc5 35. Nxc5 Rd6 36. Kg2 g6 37. Kh3 Kg7 38. Rxa6 Rd2 39. Na4 Rd1 40. Ra5
Ra1 41. Nb6 b3 42. a3 Bxa3 43. Rb5 Bxb2 44. Rxb3 1/2-1/2

[Event "Ä17Â"]
[Site "Loo"]
[Date "2017.04.21"]
[Round "2.13"]
[White "Ñàêîðåíêî, Àäðèàíà."]
[Black "Øàõìàòîâà, Êñåíèÿ."]
[Result "1-0"]
[WhiteElo "2007"]
[BlackElo "1903"]
[PlyCount "51"]
[EventDate "2017.04.20"]

1. d4 Nf6 2. Bf4 e6 3. e3 d5 4. Bd3 Bd6 5. Bxd6 Qxd6 6. c3 Nbd7 7. f4 c5 8. Nd2
c4 9. Bc2 b5 10. a3 a5 11. Nh3 Ba6 12. O-O Rb8 13. Qe2 Qc6 14. e4 dxe4 15. Nxe4
O-O 16. Nhg5 Bb7 17. Nd2 h6 18. Ngf3 Ba6 19. Ne5 Qc7 20. Qf3 Nd5 21. Ne4 N5f6
22. Nxd7 Nxd7 23. f5 exf5 24. Qxf5 g6 25. Qxd7 Qb6 26. Rf6 1-0

[Event "Ä17Â"]
[Site "Loo"]
[Date "2017.04.21"]
[Round "2.14"]
[White "Ïèâèíà, Ìàðèÿ."]
[Black "Ïàíêîâà, Þëèÿ."]
[Result "1-0"]
[WhiteElo "1827"]
[BlackElo "1786"]
[PlyCount "67"]
[EventDate "2017.04.20"]

1. e4 c5 2. Nf3 Nc6 3. d4 cxd4 4. Nxd4 e5 5. Nb5 d6 6. N1c3 a6 7. Na3 b5 8. Nd5
Nge7 9. Nxe7 Bxe7 10. c3 O-O 11. Be2 Be6 12. O-O Qc7 13. Nc2 Na5 14. Nb4 Nc4
15. a4 Qb7 16. Nd5 Bxd5 17. exd5 Na5 18. Kh1 f5 19. axb5 axb5 20. Qd3 b4 21.
cxb4 Qxb4 22. Bd2 Qb6 23. b4 Nb7 24. Rxa8 Rxa8 25. Qxf5 Bf6 26. Bd3 Ra2 27.
Qe6+ Kf8 28. Bxh7 Qd8 29. Rc1 Ra8 30. Be3 Qe8 31. Qg8+ Ke7 32. Rc7+ Kd8 33. Bb6
Qxg8 34. Rxg7+ 1-0